| 000 | 00787nam a22002651 4500 | ||
|---|---|---|---|
| 001 | 29783 | ||
| 003 | BD-RjUL | ||
| 005 | 20211209051447.0 | ||
| 008 | 140407r19661959enk 000 0 eng | ||
| 035 | _a(BD-RjUL)29868 | ||
| 035 | _a(OCoLC)860202 | ||
| 040 |
_aDLC _cOAsC _dOCoLC _dDLC _dBD-RjUL _beng |
||
| 041 | _aeng | ||
| 082 | 0 | 0 |
_a152 _bHIP 1966 |
| 100 | 1 |
_aHirst, Rodney Julian. _92856 |
|
| 245 | 1 | 4 |
_aThe problems of perception / _cby R. J. Hirst. |
| 260 |
_aLondon ; _bAllen and Unwin; _aNew York : _bHumanities Press _cc1959 [Reprinted 1966]. |
||
| 300 |
_a330 p. ; _c23 cm. |
||
| 490 | _aThe Muirhead library of philosophy | ||
| 504 | _aBibliographical footnotes. | ||
| 650 | 0 |
_aPerception. _990672 |
|
| 942 |
_2ddc _cBK |
||
| 999 |
_c29783 _d29783 |
||